Structural analysis and design (Record no. 11537)

000 -LEADER
fixed length control field 00569nam a2200217 i 4500
001 - CONTROL NUMBER
control field 11537
003 - CONTROL NUMBER IDENTIFIER
control field BD-DhUET
008 - FIXED-LENGTH DATA ELEMENTS--GENERAL INFORMATION
fixed length control field 800423s1980 nyua b 001 0 eng
020 ## - INTERNATIONAL STANDARD BOOK NUMBER
International Standard Book Number 0824769228
040 ## - CATALOGING SOURCE
Original cataloging agency DLC
Transcribing agency DLC
Modifying agency BD-DhUET
082 00 - DEWEY DECIMAL CLASSIFICATION NUMBER
Classification number 624.17
Item number HEI/1980
100 1# - MAIN ENTRY--PERSONAL NAME
Personal name Heins, Conrad P.
245 10 - TITLE STATEMENT
Title Structural analysis and design
250 ## - EDITION STATEMENT
Edition statement 1st ed.
260 ## - PUBLICATION, DISTRIBUTION, ETC. (IMPRINT)
Place of publication, distribution, etc. New York
Name of publisher, distributor, etc. Marcel Dekker
Date of publication, distribution, etc. 1980
300 ## - PHYSICAL DESCRIPTION
Extent viii, 454 p.
Other physical details ill.
Dimensions 23 cm.
504 ## - BIBLIOGRAPHY, ETC. NOTE
Bibliography, etc Includes bibliographies
650 #0 - SUBJECT ADDED ENTRY--TOPICAL TERM
Topical term or geographic name as entry element Structural theory of
700 ## - ADDED ENTRY--PERSONAL NAME
Personal name Derucher, Kenneth N.
942 ## - ADDED ENTRY ELEMENTS (KOHA)
Koha item type General Book
Holdings
Source of classification or shelving scheme Price effective from Lost status Sublocation or collection (holding branch) Koha issues (times borrowed) Shelving location Koha item type Location (home branch) Withdrawn status Copy number Date acquired Koha date last borrowed Koha full call number Damaged status Not for loan Piece designation (barcode) Koha date last seen Koha normalized classification for sorting
 2015-02-17 Central Library, BUET1Circulation sectionGeneral BookCentral Library, BUET 12015-02-172018-07-25624.17/HEI/1980  684772020-01-27624_170000000000000_HEI_1980
 2015-02-17 Central Library, BUET Circulation sectionGeneral BookCentral Library, BUET 22015-02-17 624.17/HEI/1980  604432015-02-17624_170000000000000_HEI_1980
 2015-02-17 Central Library, BUET Circulation sectionGeneral BookCentral Library, BUET 32015-02-17 624.17/HEI/1980  635602015-02-17624_170000000000000_HEI_1980